A physical theory of the living state: the association-induction hypothesis

Saved in:
書目詳細資料
主要作者: Ling, Gilbert Ning (autor)
格式: 圖書
語言:英语
出版: Nueva York Blaisdell 1962
叢編:A Blaisdell Book in the Pure and Applied Sciences
主題:
標簽: 添加標簽
沒有標簽, 成為第一個標記此記錄!

MARC

LEADER 00000nam a2200000 a 4500
001 UCN7315
003 CL-VaPUC
008 011018e19620000US |||||||||||||||||eng|d
082 0 4 |a 572.3  |b LIN  |2 21 
100 |a Ling, Gilbert Ning  |e autor  |9 463218 
245 1 2 |a A physical theory of the living state: the association-induction hypothesis 
300 |a 680 p 
942 |c BK 
945 |d 20011018 00:00:00  |a cmena 
260 |a Nueva York  |b Blaisdell  |c 1962 
650 0 |a Biofísica  |9 271309 
650 0 |a Bioquímica   |9 259492 
650 7 |a PROTEINAS  |2 CL-VaPUC  |9 463219 
650 7 |a IONES  |2 CL-VaPUC  |9 337399 
650 0 |a Estructura molecular  |9 306892 
650 0 |a Anticuerpos  |9 374468 
650 7 |a EMBRIOLOGIA QUIMICA  |2 CL-VaPUC  |9 463220 
583 |a last modification  |c 20011018 00:00:00  |k Rodrigo Vera 
490 0 |a A Blaisdell Book in the Pure and Applied Sciences 
999 |c 297699  |d 297697 
952 |0 0  |1 0  |4 0  |6 572_300000000000000_LIN_1962  |7 0  |8 A  |9 352637  |a BIBCUR  |b BIBCUR  |d 2019-11-21  |i 3512622  |o 572.3 LIN 1962  |p 3512622  |r 2025-04-22  |w 2019-11-21  |y BK  |k FIS